000
00311nam a2200121 a 4500
005
20140414131923.0
008
101026s19uu xx 00 eng d
050
_a
ER
_b
T93 1991
100
_a
Kraft, Jim
245
_a
Two-minute garfield stories.
260
_b
Golden Book,
_c
1991.
_a
New York :
999
_c
111863
_d
111863